000 00662nam a22002057a 4500
005 20081020164825.0
008 081020t xxu||||| |||| 00| 0 eng d
010 _aENG-84510
020 _a8175345896
020 _c195.00 (pbk)
035 _aEN-68043
082 _a323 / HUM
245 _aHuman rights year book 2006 /
_cedited by Pravin H Parekh
260 _aNew Delhi
_bUniversal Law Publishing
260 _c2006
300 _avi,183p
_c23cm
700 _aParekh, Pravin H
_ced
942 _2ddc
_cEN
_h323
_mHUM
999 _c17816
_d17816